000 00404nam a2200169Ia 4500
001 28500
003 IN-NITTTR
005 20251114233352.0
008 251113s9999||||xx |||||||||||||| ||eng||
040 _beng
040 _cIN-NITTTR
041 _aeng
082 _a150.0724 E77
100 _aAbdi, Herve
245 0 _aExperimental design and analysis for psychology /
_cAbdi, Herve
942 _2ddc
_cBK
999 _c31128
_d31128